Gujarat / (Record no. 1302139)

MARC details
000 -LEADER
fixed length control field 01414nam a2200373 a 4500
001 - CONTROL NUMBER
control field vtls001867998
003 - CONTROL NUMBER IDENTIFIER
control field NLI
005 - DATE AND TIME OF LATEST TRANSACTION
control field 20210629080740.0
008 - FIXED-LENGTH DATA ELEMENTS--GENERAL INFORMATION
fixed length control field 150408s2011 ii ba e 001 0 eng d
020 ## - INTERNATIONAL STANDARD BOOK NUMBER
International Standard Book Number 9789350021231(pbk.)
Terms of availability Rs.150.00
039 #9 - LEVEL OF BIBLIOGRAPHIC CONTROL AND CODING DETAIL [OBSOLETE]
Level of rules in bibliographic description 201506191116
Level of effort used to assign nonsubject heading access points syamalkb
Level of effort used to assign subject headings 201506191111
Level of effort used to assign classification syamalkb
Level of effort used to assign subject headings 201504081747
Level of effort used to assign classification prasenjits
Level of effort used to assign subject headings 201504081745
Level of effort used to assign classification prasenjits
-- 201504081744
-- prasenjits
040 ## - CATALOGING SOURCE
Original cataloging agency NLI
Language of cataloging eng
041 0# - LANGUAGE CODE
Language code of text/sound track or separate title eng
044 ## - COUNTRY OF PUBLISHING/PRODUCING ENTITY CODE
MARC country code ii
082 04 - DEWEY DECIMAL CLASSIFICATION NUMBER
Classification number 330.95475
Edition number 22
100 1# - MAIN ENTRY--PERSONAL NAME
Personal name Patel, Shivani A.
9 (RLIN) 1113453
245 10 - TITLE STATEMENT
Title Gujarat /
Statement of responsibility, etc. Shivani A. Patel
260 ## - PUBLICATION, DISTRIBUTION, ETC.
Place of publication, distribution, etc. Delhi :
Name of publisher, distributor, etc. Aakar Books in association with Other Media,
Date of publication, distribution, etc. 2011
300 ## - PHYSICAL DESCRIPTION
Extent 126 p. :
Other physical details ill. (some col.), maps ;
Dimensions 22 cm.
440 #0 - SERIES STATEMENT/ADDED ENTRY--TITLE
Title Status of adivasis/indigenous peoples land series ;
Volume/sequential designation 1
9 (RLIN) 1226224
504 ## - BIBLIOGRAPHY, ETC. NOTE
Bibliography, etc. note References : p.123-126
650 #0 - SUBJECT ADDED ENTRY--TOPICAL TERM
Topical term or geographic name entry element Land tenure
General subdivision Law and legislation
Geographic subdivision Gujarat
9 (RLIN) 1228093
650 #0 - SUBJECT ADDED ENTRY--TOPICAL TERM
Topical term or geographic name entry element Land use
Geographic subdivision Gujarat
9 (RLIN) 1228094
651 #0 - SUBJECT ADDED ENTRY--GEOGRAPHIC NAME
Geographic name Gujarat (India)
General subdivision Scheduled tribes
-- Economic conditions
9 (RLIN) 1228095
887 ## - NON-MARC INFORMATION FIELD
Content of non-MARC field prasenjit syamal Kanti Biswas
901 ## - LOCAL DATA ELEMENT A, LDA (RLIN)
a DB139570 :
b 17.4.2013
902 ## - LOCAL DATA ELEMENT B, LDB (RLIN)
a E 330.95475 P 272
904 ## - LOCAL DATA ELEMENT D, LDD (RLIN)
a prasenjit
905 ## - LOCAL DATA ELEMENT E, LDE (RLIN)
a syamal Kanti Biswas
949 ## - LOCAL PROCESSING INFORMATION (OCLC)
-- VIRTUAITEM
-- 10000
-- 100
6 DBA000139570ENG
942 ## - ADDED ENTRY ELEMENTS (KOHA)
Source of classification or shelving scheme Dewey Decimal Classification
Koha item type Books
Holdings
Withdrawn status Lost status Damaged status Not for loan Collection code Home library Current library Shelving location Date acquired Total Checkouts Full call number Barcode Date last seen Price effective from Koha item type
        New English National Library of India National Library of India New English - Main Stack Division     E 330.95475 P 272 DBA000139570ENG 29/06/2021 29/06/2021 Books
                                                                           
web counter

Copyright ©2020 The National Library of India, Govt. of India ↔ Hosted by NVLI, MOC ↔ Technology and Design by National Library of India, Ministry of Culture, Govt. of India